000 00743nam a22002057a 4500
999 _c19508
_d19508
003 AR-CdUCM
008 190517b ||||| |||| 00| 0 spa d
040 _aMUNICIPALIDAD PROVINCIAL DEL CUSCO
_cBIBLIOTECA MUNICIPAL DEL CUSCO
082 _a985.61 /
_bT17
100 _aTamayo Herrera, José
_911513
245 _aHistoria social del Cuzco Republicano /
260 _aLima :
_bTall Industrial Gráfica,
_c1978.
300 _a335 páginas ;
_bilustraciones,
_c20 cm.
505 _aContenido: El Cuzco del siglo XIX -- La primera modernización (1895-1945) -- La segunda modernización (1945-1977).
650 _aHistoria
_948381
650 _aBiografías
_9148
650 _aPerú
_948382
942 _2ddc
_cLIBROS
945 _aachl
_d2019-05-17